MDQL
is popping MORE tags! Check the
thread
!
Quizzes
Events
Quiz Creation
Community
Videos
Private Events
Remove Ads
Sign In
Join for FREE
Feedback
Dark Mode
Quiz Categories
Sports
Geography
Music
Movies
Television
Just For Fun
Miscellaneous
History
Literature
Language
Science
Gaming
Entertainment
Religion
Holiday
For Kids
Quiz Lab
Recent
Popular Today
Quiz Kudos Today
Editor Picks
Curator Picks
Quizzes by...
Day
Popularity
Type
Ratings
Length
Year
Community
Subscriptions
Recent Discussions
Orange Saloon
Badges
Playlists
Quests
Create
Leaderboards
Showdown
Live 5
Trivia Bingo
Activity
Puzzle Library
Sporcle Events
Private Events
Virtual Trivia
Globe League
Become a Host
Pub Owners
SporcleCon
Opinionation
Our Games
Videos
Blog
Mobile Apps
Partnerships
Remove Ads and Go Orange
Feedback
Geography
Country
Landmarks
City
State
Population
World
Capital
Continent
Flags
Europe
Africa
Asia
South America
North America
Oceania
Border
Canada
United Kingdom
Topography
United States
Geography
Country
Landmarks
City
State
Population
World
Capital
Continent
Flags
Europe
Africa
Asia
South America
North America
Oceania
Border
Canada
United Kingdom
Topography
United States
Random Quiz
Search Sporcle
×
Quiz Lab
Quiz Lab
Geography
Population
Type in answers that appear in a list
Type in answers that appear in a list
Classic
Best Score? Go Orange.
Philippine Regions Stats
Name the regions of the Philippines.
By
LekgoloSlayer
5m
17 Questions
119 Plays
119 Plays
119 Plays
Comments
Comments
Give Quiz Kudos
Give Quiz Kudos
-
- Ratings
hide this ad
More Info
Replay
Link that replays current quiz
Next Quiz
Link to next quiz in quiz playlist
You Got
0%
They Got
Avg Score
70%
Avg Friend Score
Upgrade to see
Score Distribution
Jump to the score distribution portion of the page
Score
0/17
Timer
05:00
0
Plays Today
Population
Region
% Correct
12,877,253
National Capital Region (Manila)
86.6%
14,414,774
Calabarzon
82.4%
5,026,128
Ilocos
78.2%
2,963,360
Southwestern Tagalog (Mimaropa)
78.2%
11,218,177
Central Luzon
73.1%
5,796,989
Bicol
73.1%
4,893,318
Davao
73.1%
4,440,150
Eastern Visayas
73.1%
3,781,387
Muslim Mindanao (Autonomous Region)
73.1%
Population
Region
% Correct
7,536,247
Western Visayas
72.3%
7,396,903
Central Visayas
69.7%
2,596,709
Caraga Administrative Region
68.1%
1,722,006
Cordillera Administrative Region
68.1%
3,629,783
Zamboanga
63.9%
3,451,410
Cagayan Valley
62.2%
4,689,302
Northern Mindanao
54.6%
4,545,276
Soccsksargen
47.1%
Quiz Playlist
Details
Report
Send in Message
Add To Playlist
More Info:
Any suggestions/alternate spellings are greatly appreciated.
Classic:
Type in answers that appear in a list
Quiz Source
Last Updated: Dec 2, 2018
Quiz Scoreboard
CHALLENGE
Sign Up to Join the Scoreboard
Show All
Scores
Hide
Comments
May contain spoilers
Recently Published
5x2 Blitz: Bands
by SL_Kpop136
Music
30s
Colored Red Africa Blitz
by spor1
Geography
30s
Find the 'City' Movie
by crazypaving
Movies
60s
More to Explore
Quiz From the Vault
Featured Blog Post
14 Easter Pick-up Lines to Find Eggs With
hide this ad
You Might Also Like...
Tags
Population Quiz
filipino
Island Nation
Philippines
region
Today's Top Quizzes in Geography
Browse Geography
hide this ad
Today's Top Quizzes in Population
Browse Population
Top Contributed Quizzes in Geography
1
Countries of the World - No Outlines Minefield
2
Colored Red Africa Blitz II
3
Colored Red Europe Blitz I
4
Colored Red Europe Blitz II
5
Colored Red Africa Blitz III
6
Colored Red Europe Blitz III
7
Colored Red States Blitz II
8
Country Trivia Logic Puzzle II
9
Colored Red States Blitz I
10
List All 50 US States
Explore More
Trending Topics
Disney
Crossword
NBA
Anime
Harry Potter
Kpop
Marvel
NFL
Pokémon
The Office
Song
Soccer
Country
Puzzle
WWE
hide this ad
More By:
LekgoloSlayer
Quiz
Plays
Rating
Category
Featured
Created
Divisions of Bangladesh on a Map
16,992
4.80
Geography
Sep 26, 2017
France Departments (Map)
7,733
5.00
Geography
Jun 22, 2018
Russian Federal Subjects (Map)
5,156
4.94
Geography
Sep 19, 2017
Spain Provinces (Map)
4,462
4.38
Geography
Apr 9, 2018
Japanese Regions (Map)
3,622
5.00
Geography
Sep 21, 2017
Go to Creator's Profile
Score Distribution
Quiz Creator Spotlight
LekgoloSlayer
Follow
Send a Message
Quizzes Created
-
Created Quiz Play Count
-
More By This Creator
Popular Quizzes Today
1
Find the 'City' Movie
2
5x2 Blitz: Bands
3
Colored Red Africa Blitz
4
Find the US States - No Outlines Minefield
5
The Countries of the World
6
Find the US States
7
9x9 Crossword: Cartoon Network
8
US States
More Geography Quizzes
'B' Countries Flags
Quiz Lab
Trending Quizzes
Colored Red Europe Blitz I
Colored Red Africa Blitz II
Colored Red Europe Blitz III
Colored Red Europe Blitz II
Colored Red Africa Blitz III
Recently Updated
Champions League XIs: Real Madrid
pecheneg
Largest US Cities 1790-2010
pecheneg
Rides in Walt Disney World
pecheneg
Most Oscar Losses (Acting)
pecheneg
Beyoncé Albums
pecheneg
Leaping Animals
pecheneg
Reality TV Shows (A-Z)
bhenderson79
Rickey Henderson's Hall of Fame Teammates
pecheneg
Champions League XIs: Arsenal
pecheneg
Quick Pick: Celebrities in WWE's Hall of Fame
aduchscher
Trending Topics
Kpop
Crossword
NBA
Marvel
Disney
Harry Potter
Anime
Soccer
WWE
Song
Puzzle
NFL
The Office
Country
Pokémon
Your Account Isn't Verified!
In order to create a playlist on Sporcle, you need to verify the email address you used during registration. Go to your
Sporcle Settings
to finish the process.
Report this User
Report this user for behavior that violates our
Community Guidelines
.
Details:
Send Report
Go to the Sporcle.com Mobile Site →
Comments